| 000 | 00505nam a2200181Ia 4500 | ||
|---|---|---|---|
| 999 |
_c16562 _d16562 |
||
| 003 | OSt | ||
| 005 | 20200606115938.0 | ||
| 008 | 190216s9999||||xx |||||||||||||| ||und|| | ||
| 020 | _a8090246364 | ||
| 040 | _cMESKC library | ||
| 082 |
_a954 _bSHA/G |
||
| 100 |
_aSharma, R K _9376 |
||
| 245 | 0 |
_aGulam Bharath Ki Azathi Ki Kahaniyan / _cR K Sharma |
|
| 260 |
_bSeema Publications, _c2008. _aDelhi: |
||
| 300 | _a80p | ||
| 650 | _aHindi | ||
| 942 |
_cBK _2ddc _h954 _iSHA/G _k954 _mSHA/G |
||